<?xml version="1.0" encoding="UTF-8"?>
<collection xmlns="http://www.loc.gov/MARC21/slim">
 <record>
  <leader>00916nab a2200181 i 4500</leader>
  <controlfield tag="001">misc42621</controlfield>
  <controlfield tag="005">20191106140636.0</controlfield>
  <controlfield tag="008">180706s2008    hu      o     0||   zxx d</controlfield>
  <datafield tag="022" ind1=" " ind2=" ">
   <subfield code="a">1215-5233</subfield>
  </datafield>
  <datafield tag="040" ind1=" " ind2=" ">
   <subfield code="a">SZTE Miscellanea Repozitórium</subfield>
   <subfield code="b">hun</subfield>
  </datafield>
  <datafield tag="041" ind1=" " ind2=" ">
   <subfield code="a">zxx</subfield>
  </datafield>
  <datafield tag="100" ind1="1" ind2=" ">
   <subfield code="a">Pataki Gyula</subfield>
  </datafield>
  <datafield tag="245" ind1="1" ind2="0">
   <subfield code="a">Fiúkfalva alapítói</subfield>
   <subfield code="h">[elektronikus dokumentum] /</subfield>
   <subfield code="c"> Pataki Gyula</subfield>
  </datafield>
  <datafield tag="260" ind1=" " ind2=" ">
   <subfield code="c">2008</subfield>
  </datafield>
  <datafield tag="300" ind1=" " ind2=" ">
   <subfield code="a">147-156</subfield>
  </datafield>
  <datafield tag="490" ind1="0" ind2=" ">
   <subfield code="a">Iskolakultúra</subfield>
   <subfield code="v">18 No. 1-2</subfield>
  </datafield>
  <datafield tag="520" ind1="3" ind2=" ">
   <subfield code="a">Az idős szerző maga is alapítója volt a háborús évek nagy debreceni-ebesi gyermekvédelmi utópiájának, a tragikus sorsú Fiúkfalvának. A szociografikus írás – mely egy hosszabb, még kéziratos mű (Fiúkfalva – Emlékalbum) részlete – az alföldi város „csavargó” gyerekeinek és nevelőinek 70 évvel ezelőtti világába avat be.</subfield>
  </datafield>
  <datafield tag="856" ind1="4" ind2="0">
   <subfield code="u">http://misc.bibl.u-szeged.hu/42621/1/1_EPA00011_iskolakultura_2008-1-2.pdf</subfield>
   <subfield code="z">Dokumentum-elérés </subfield>
  </datafield>
 </record>
</collection>
